College Quizbowl Stats
College Quizbowl Stats
Circuits
Seasons
Sets
Records
Detailed Stats
About
Loading...
2023 BHSU @ Berkeley
Tossups
Bonuses
Players
Teams
Categories (Tossup)
Categories (Bonus)
Eric Wolfsberg
It's Joever
Categories
Category
Powers
Gets
Negs
BBs
Points
Earliest Buzz
Avg. Buzz
First Buzzes
Top 3 Buzzes
BPA
PVF
MB
4
6
3
3
105
51
93.20
2
10
0.00
0.00
AR
1
3
0
0
45
68
79.75
1
4
0.00
0.00
AG
0
4
1
1
35
85
103.00
0
4
0.00
0.00
BB
0
4
1
1
35
74
97.75
3
4
0.00
0.00
RC
0
3
0
1
30
96
104.67
1
3
0.00
0.00
TR
0
2
0
1
20
100
110.50
0
2
0.00
0.00
RR
0
2
0
0
20
98
104.00
1
2
0.00
0.00
AW
0
1
0
1
10
118
118.00
0
1
0.00
0.00
DM
0
1
0
1
10
140
140.00
0
1
0.00
0.00
Buzzes
Category
Answer
Value
Buzz Position
AG
Jean Rhys
-5
18
MB
Junichiro Tanizaki
15
51
MB
Friedrich Wilhelm Nietzsche
15
57
MB
Marie de France
-5
67
MB
Avicenna
15
67
AR
Blithe Spirit
15
68
MB
Battle of Kosovo Polje
15
70
BB
damping
10
74
MB
queen of Egypt
-5
77
AR
Pyotr Ilyich Tchaikovsky
10
82
Previous
1
2
3
4
Next